Living English Structure for Schools / (Record no. 9218)
[ view plain ]
| 000 -LEADER | |
|---|---|
| fixed length control field | 00568nam a2200217 a 4500 |
| 001 - CONTROL NUMBER | |
| JCCL Control Number | 9218 |
| 003 - CONTROL NUMBER IDENTIFIER | |
| JCCL marc code | BD-JhCC |
| 005 - DATE AND TIME OF LATEST TRANSACTION | |
| control field | 20180311104642.0 |
| 008 - FIXED-LENGTH DATA ELEMENTS--GENERAL INFORMATION | |
| fixed length control field | 180311s1961 p |||| || | 000 0 eng d |
| 035 ## - SYSTEM CONTROL NUMBER | |
| system control number | (BD-JhCC)9218 |
| 040 ## - CATALOGING SOURCE | |
| Original cataloging agency | BD-JhCC |
| Modifying agency | BD-JhCC |
| 041 ## - LANGUAGE CODE | |
| Language code of Book | eng |
| 082 ## - DEWEY DECIMAL CLASSIFICATION NUMBER | |
| Classification number | 400 |
| Author mark and Year | ALL 1961 |
| 100 ## - MAIN ENTRY--PERSONAL NAME | |
| Personal name | Allen, W. Stannard |
| 245 ## - TITLE STATEMENT | |
| Title | Living English Structure for Schools / |
| Statement of responsibility, etc | W. Stannard Allen, |
| 260 ## - PUBLICATION, DISTRIBUTION, ETC. (IMPRINT) | |
| Place of publication, distribution, etc | Karachi : |
| Name of publisher, distributor, etc | Allies Book Corporation, |
| Date of publication, distribution, etc | 1961 |
| 300 ## - PHYSICAL DESCRIPTION | |
| Pagination | 184 p. : |
| Dimensions | 18 cm. |
| 650 ## - SUBJECT ADDED ENTRY--TOPICAL TERM | |
| Topical term or geographic name as entry element | English Language |
| 942 ## - ADDED ENTRY ELEMENTS (KOHA) | |
| Source of classification or shelving scheme | Dewey Decimal Classification |
| Koha item type | Books |
| Source of classification or shelving scheme | Damaged status | Not for loan | Home library | Current library | Shelving location | Date of accession | Total Checkouts | Full call number | Barcode | Date last seen | Date checked out | Copy number | Koha item type | Method of acquisition | Currency |
|---|---|---|---|---|---|---|---|---|---|---|---|---|---|---|---|
| Dewey Decimal Classification | JCC Rouf Library | JCC Rouf Library | General Stacks | 03/11/2018 | 1 | 400 ALL 1961 | 11428 | 11/26/2022 | 01/01/2022 | C-1 | Books | ||||
| Dewey Decimal Classification | JCC Rouf Library | JCC Rouf Library | General Stacks | 400 ALL 1961 | 19617 | 05/11/2024 | C-2 | Books | Purchase | BDT | |||||
| Dewey Decimal Classification | JCC Rouf Library | JCC Rouf Library | General Stacks | 400 ALL 1961 | 19618 | 05/11/2024 | C-3 | Books | Purchase | BDT |